Valtioiden pääkaupunkeja keskitaso - Statistics

Yleistilastot
  • Tätä visaa on pelattu 51 kertaa
  • Keskiarvotulos 10 / 12
Vastaustilastot
Hint Vastaus % Oikein
Serbia Belgrad
89%
Somalia Mogadishu
89%
Liechtenstein Vaduz
89%
Malesia Kuala Lumpur
87%
Filippiinit Manila
87%
Chile Santiago
87%
Kuuba Havanna
85%
Iran Teheran
85%
Nicaragua Managua
72%
Jemen Sanaa
67%
Niger Niamey
63%
Laos Vientiane
63%
Ehtoja vastaavia visoja ei löytynyt
Tulosjakauma
Jokaisen tuloksen saaneiden osuus
Persentiili vastausten määrän mukaan
Tuloshistoriasi
Et ole pelannut tätä visaa